| 000 | 00597 a2200181 4500 | ||
|---|---|---|---|
| 001 | 066327 | ||
| 003 | OSt | ||
| 005 | 20210927132910.0 | ||
| 008 | |||
| 082 |
_a515.43 _bA95A |
||
| 100 | 1 | _aAgarwal, O.P. | |
| 245 | 1 |
_aAdvances in fractional calculus _cby O.P. Agarwal and J. Sabatier |
|
| 260 |
_aNew York _bSpringer _c2007 |
||
| 300 | _a552p. | ||
| 690 | _aCalculus; Fractional calculus; Mechanical engineering; Computer engineering; Computer simulation; Engineering; Engineering mathematics; Mathematical physics | ||
| 700 | _aSabatier, J. | ||
| 942 |
_2ddc _cBK |
||
| 999 |
_c409 _d409 |
||